| 000 | 00603nam a2200157Ia 4500 | ||
|---|---|---|---|
| 008 | 210210b2005 xxu||||| |||| 00| 0 eng d | ||
| 020 | _a81 297 1087 0 | ||
| 082 | _a620.8 ACQU | ||
| 100 | _aACQUAAH (George). | ||
| 245 | _aUnderstanding biotechnology: an integrated and cyber-based approach. | ||
| 260 |
_aNew Delhi _bPearson Education _c2005 |
||
| 300 | _a430 | ||
| 650 | _aBiotechnology Genetic Behavior Manipulation Recombinant Electrophoresis Blotting Molecular Markers Polymerase Genome Mapping Food Medicine Bioprocessing Environmental Business | ||
| 690 | _aBiotechnology | ||
| 906 | _a061534 | ||
| 999 |
_c108319 _d108319 |
||